Detalles MARC
| 000 -LIDER |
| fixed length control field |
01111nam a2200325 a 4500 |
| 001 - NÚMERO DE CONTROL |
| Identificador de número de control |
|
| 003 - IDENTIFICACDOR DE NÚMERO DE CONTROL |
| control field |
DO-SdBNP |
| 005 - DATE AND TIME OF LATEST TRANSACTION |
| control field |
20210921140226.0 |
| 008 - ELEMENTOS DE LONGITUD FIJA |
| fixed length control field |
181112s2017 dr 000 spa d |
| 020 ## - ISBN |
| International Standard Book Number |
9789993475309 |
| 040 ## - FUENTE DE CATALOGACIÓN |
| Agencia que crea de manera original el registro |
DO-SdBNP |
| Idioma de catalogación |
spa |
| Agencia que realiza la transcripción |
BPMSU |
| 041 17 - CÓDIGOS DE OBRAS TRADUCIDAS O EN VARIOS IDIOMAS |
| Código del idioma del texto/archivo de sonido o separata |
eng |
| Código del idioma del texto hablado |
spa |
| 082 ## - NÚMERO DE CLASIFICACIÓN DECIMAL DE DEWEY |
| Classification number |
RD861.44 |
| Item number |
M433h 2017 |
| Edition number |
22 |
| 100 1# - ASIENTO PRINCIPAL -- NOMBRE PERSONAL |
| Nombre personal |
Matos, Juan |
| Fechas asociadas con el nombre |
1955- |
| 245 10 - MENCIÓN DE TITULO |
| Título |
The man who left = |
| Subtítulo |
El hombre que fue / |
| Mención de responsabilidad |
Juan Matos ; editor Miguel Collado ; traductor Rhina P. Espaillat ...[et. al] |
| 246 13 - VARIACION DEL TÍTULO |
| Título propiamente dicho o título corto |
El hombre que se fue |
| 260 ## - PUBLICACIÓN, DISTRIBUCIÓN, ETC. (PIE DE IMPRENTA) |
| Lugar de publicación, distribución, etc |
Santo Domingo : |
| Nombre del editor, distribuidor, etc. |
CEDIBIL, |
| Fecha de publicación, distribución, etc |
2017. |
| 300 ## - DESCRIPCIÓN FÍSICA |
| Extensión |
221 p. ; |
| Dimensiones |
22. 5 cm. |
| 490 0# - MENCIÓN DE SERIES |
| Mención de serie |
Calímaco; |
| -- |
Poesía |
| Volume/sequential designation |
34/3 |
| 500 ## - NOTA GENERAL |
| Nota general |
Incluye datos biográficos del autor en la solapa de la cubierta |
| 500 ## - NOTA GENERAL |
| Nota general |
Obra en dos idiomas |
| 590 ## - NOTA LOCAL |
| Texto de la nota local |
Inventariado, 2021/VM |
| 650 #4 - ENCABEZAMIENTO DE MATERIA--TEMÁTICO |
| Término temático o nombre geográfico como elemento de entrada |
Poesía dominicna |
| Subdivisión de forma |
colecciones |
| 650 #4 - ENCABEZAMIENTO DE MATERIA--TEMÁTICO |
| Término temático o nombre geográfico como elemento de entrada |
Literatura dominicana |
| Subdivisión de forma |
Colecciones |
| 700 1# - ASIENTO SECUNDARIO -- NOMBRE PERSONAL |
| Nombre personal |
Espaillat, Rhina P. |
| Mención de responsabilidad |
tr. |
| Fechas asociadas con el nombre |
1932- |
| 700 1# - ASIENTO SECUNDARIO -- NOMBRE PERSONAL |
| Nombre personal |
Collado, Miguel |
| Mención de responsabilidad |
ed. |
| 710 2# - ASIENTO SECUNDARIO -- NOMBRE CORPORATIVO |
| Nombre corporativo o de jurisdicción |
Centro Dominicano de Investigaciones Bibliográficas |
| 910 ## - VALIDACIÓN |
| Validación |
VMateo V. |
| 942 ## - ADDED ENTRY ELEMENTS (KOHA) |
| Source of classification or shelving scheme |
Dewey Decimal Classification |
| Koha item type |
Libros |